ბათუმის შოთა რუსთაველის სახელმწიფო უნივერსიტეტის ბიბლიოთეკა

ინტერრელიგიური დიალოგი მშვიდობისათვის კონფერენციის მასალები = INTERRELIGIOUS DIALOGUE FOR PEACE CONFERENCE MATERIALS / (ბიბ.ჩანაწერი № 57260)

000 -ლიდერი
ფიქსირებული სიგრძის საკონტროლო ველი 01038nam a22001937a 4500
003 - საკონტროლო ნომრის იდენტიფიკატორი
საკონტროლო ველი Ge_BSU
005 - ბოლო ოპერაციის თარიღი და დრო
საკონტროლო ველი 20200316224404.0
008 - ფიქსირებული სიგრძის მონაცემთა ელემენტები - ზოგადი ინფორმაცია
ფიქსირებული სიგრძის საკონტროლო ველი 200129s2016 ||||| |||| 00| 0 geo d
041 ## - ენის კოდი
Language code of text/sound track or separate title geo
080 ## - უნივერსალური ათობითი კლასიფიკაციის ინდექსი
Universal Decimal Classification number 27(063):327.36 ი-67
245 ## - ცნობა სათაურის შესახებ
Title ინტერრელიგიური დიალოგი მშვიდობისათვის კონფერენციის მასალები = INTERRELIGIOUS DIALOGUE FOR PEACE CONFERENCE MATERIALS /
Statement of responsibility, etc მთ. რედ. ზაზა ვაშაყმაძე ; რედ. პაატა გერგაია.
264 ## - წარმოების, გამოცემის, დისტრიბუციის და სხვა ცნობები
გამოცემის, წარმოების, დისტრიბუციის... ადგილი თბილისი,
გამოცემის, წარმოების, დისტრიბუციის... თარიღი 2016.
300 ## - ფიზიკური აღწერა
Extent 95 გვ. :
Other physical details ილ. ;
Dimensions 28 სმ.
440 ## - სერიის ცნობა / დამატებულია ჩანაწერი - სათაური
Title რელიგიის საკითხთა სააგენტო
9 (RLIN) 6484
653 ## - INDEX TERM--UNCONTROLLED
Uncontrolled term რელიგია
700 ## - ADDED ENTRY--PERSONAL NAME
Personal name ვაშაყმაძე, ზაზა
Relator term მთავარი რედაქტორი
9 (RLIN) 58
700 ## - ADDED ENTRY--PERSONAL NAME
Personal name გერგაია, პაატა
Relator term რედაქტორი
9 (RLIN) 6485
942 ## - ADDED ENTRY ELEMENTS (KOHA)
Source of classification or shelving scheme
Koha item type წიგნი
ეგზემპლარები
ჩამოწერის სტატუსი დაკარგული ეგზემპლარის სტატუსი კლასიფიკაციის წყარო ან თაროზე გაწყობის სქემა დაზიანების სტატუსი არ გაიცემა მუდმივი მდებარეობა (დაცვის ადგილი) ამჟამინდელი ადგილსამყოფელი თაროზე განთავსების ადგილი შეძენის თარიღი ღირებულება, შესყიდვის ნორმალური ფასი სრული შენახვის შიფრი შტრიხკოდი ბოლო ოპერაციის თარიღი ეგზემპლარის მიმდევრობითი ნომერი (კეტერი?) ფასის ძალაში შესვლის თარიღი ეგზემპლარის სახეობა საჯარო შენიშვნა
          ბათუმის შოთა რუსთაველის სახელმწიფო უნივერსიტეტის მთავარი ბიბლიოთეკა ბათუმის შოთა რუსთაველის სახელმწიფო უნივერსიტეტის მთავარი ბიბლიოთეკა წიგნსაცავი 2020-01-29 5.00 27(063):327.36 ი-67 59578 2020-01-29 59578 2020-01-29 წიგნი 5.00
          ბათუმის შოთა რუსთაველის სახელმწიფო უნივერსიტეტის მთავარი ბიბლიოთეკა ბათუმის შოთა რუსთაველის სახელმწიფო უნივერსიტეტის მთავარი ბიბლიოთეკა წიგნსაცავი 2020-01-29 5.00 27(063):327.36 ი-67 59579 2020-01-29 59579 2020-01-29 წიგნი 5.00
          ბათუმის შოთა რუსთაველის სახელმწიფო უნივერსიტეტის მთავარი ბიბლიოთეკა ბათუმის შოთა რუსთაველის სახელმწიფო უნივერსიტეტის მთავარი ბიბლიოთეკა წიგნსაცავი 2020-01-29   27(063):327.36 ი-67 51813 2020-01-29 51813 2020-01-29 წიგნი